Statistics for Animal Alphabet Picture 38

Click here to take the quiz!

General Stats

  • This quiz has been taken 9 times
  • The average score is 20 of 26

Answer Stats

Answer% Correct
Alligator
100%
Beaver
100%
Cheetah
100%
Donkey
100%
Eagle
100%
Fox
100%
Hyena
100%
Iguana
100%
Jaguar
100%
Koala
100%
Lemur
100%
Unicorn
100%
Wolf
100%
Goat
89%
Otter
89%
Penguin
89%
Raccoon
89%
Seal
89%
Yak
78%
Toucan
56%
Macaw
44%
Quetzal
44%
Numbat
11%
Vicuna
11%
Xerus
11%
Zorilla
11%

Score Distribution

Percentile by Number Answered

Percent of People with Each Score

Your Score History

You have not taken this quiz